Top Rated California Universities - Statistics

General Stats
  • This quiz has been taken 46 times
  • The average score is 15 of 26
Answer Stats
National Ranking Answer % Correct
#3 Stanford University
98%
#15 (tie) University of California, Los Angeles
98%
#15 (tie) University of California, Bekeley
95%
#28 (tie) University of California, Davis
90%
#7 California Institute of Technology
88%
#33 University of California, Irvine
88%
#28 (tie) University of California, San Diego
88%
#28 (tie) University of Southern California
85%
#76 (tie) University of California, Riverside
83%
#35 University of California, Santa Barbara
83%
#60 (tie) University of California, Merced
70%
#82 University of California, Santa Cruz
65%
#105 (tie) San Diego State University
63%
#76 (tie) Pepperdine University
55%
#133 (tie) California State University, Fullerton
48%
#105 (tie) California State University, Long Beach
45%
#185 California State University, Fresno
43%
#178 San Francisco State University
40%
#93 Loyola Marymount University
35%
#60 (tie) Santa Clara University
35%
#98 University of San Diego
33%
#115 University of San Francisco
28%
#142 University of the Pacific
23%
#133 (tie) Chapman University
15%
#170 (tie) California State University, San Bernardino
10%
#170 (tie) University of La Verne
8%
No matching quizzes found
Score Distribution
Percent of People with Each Score
Percentile by Number Answered
Your Score History
You have not taken this quiz